Normal view MARC view
  • Structural analysis (Engineering) --Computer programs

Entry Topical Term

Number of records used in: 1

001 - CONTROL NUMBER

  • control field: 110544

003 - CONTROL NUMBER IDENTIFIER

  • control field: NUST

005 - DATE AND TIME OF LATEST TRANSACTION

  • control field: 20230320094341.0

008 - FIXED-LENGTH DATA ELEMENTS

  • fixed length control field: 230320|| aca||aabn | a|a d

040 ## - CATALOGING SOURCE

  • Original cataloging agency: NUST
  • Transcribing agency: NUST

150 ## - HEADING--TOPICAL TERM

  • Topical term or geographic name entry element: Structural analysis (Engineering) --Computer programs

670 ## - SOURCE DATA FOUND

  • Source citation: Work cat.: (NUST)176597: Weaver, William 42920, Computer programs for structural analysis /, 1967
© 2023 Central Library, National University of Sciences and Technology. All Rights Reserved.